Departement Français par anecdotes - Statistiques

Statistiques générales
  • Ce quiz a été pris 93 fois
  • Le résultat moyen est 16 sur 20
Statistiques - réponses
Indices Départements % Correct
Connue pour le Stade de France. Seine Saint Denis (93)
93%
Departement avec le plus haut PIB. Paris (75)
90%
Connu pour ses plages du Débarquement de la Seconde Guerre mondiale. Calvados (14)
89%
Accueil de célèbre vignoble reconnue pour le vin rouge. Gironde (33)
88%
Connu pour la course automobile des 24 Heures du Mans. Sarthe (72)
88%
Departement ou l'on retrouve le fameux fort boyard. Charente-Maritime (17)
87%
Connu pour son fromage et le volcan cantalien. Cantal (15)
86%
Connue pour abriter Disneyland Paris. Seine et Marne (77)
86%
On y trouve le Palais des Papes. Vaucluse (84)
84%
Une ville de ce departement est connue pour être la capitale de l'aéronautique. Haute-Garonne (31)
83%
Département de la capitale bretonne. Ille-et-Vilaine (35)
83%
La cité médiévale de Carcassonne est un site incontournable. Aude (11)
81%
Contient la ville qui est surnommée la « Venise des Alpes ». Haute-Savoie (74)
81%
La capitale de noël se situe dans ce departement. Bas-Rhin (67)
78%
Connu pour Vichy et ses thermes célèbres. Allier (03)
77%
Connu pour ses châteaux et grottes préhistoriques comme Lascaux. Dordogne (24)
72%
Le célèbre sanctuaire de Lourdes attire des millions de pèlerins. Hautes-Pyrénées (65)
72%
Département ou se situe les calanques. Bouche du Rhône (13)
69%
Connu pour ses champs de lavande et le plateau de Valensole. Alpes-de-Haute-Provence (04)
65%
Une ville symbole de la Première Guerre mondiale, y est situé. Meuse (55)
37%
Aucun quiz correspondant
Distribution des résultats
% des personnes avec chaque résultat
Percentile par nombre de réponses
Votre historique - résultats
Vous n’avez pas pris ce quiz